Đại diễn tân giải

Đã lưu trong:
Bibliografiske detaljer
Hovedforfatter: Vương Cống
Format: Bog
Sprog:Undetermined
Udgivet: Hà Nội VHTT 2000
Fag:
Tags: Tilføj Tag
Ingen Tags, Vær først til at tagge denne postø!
Thư viện lưu trữ: Trung tâm Học liệu Trường Đại học Cần Thơ
LEADER 00607nam a2200193Ia 4500
001 CTU_38377
008 210402s9999 xx 000 0 und d
020 |b 250.000đ 
082 |a 181.11 
082 |b C455 
100 |a Vương Cống 
245 0 |a Đại diễn tân giải 
245 0 |c Vương Cống, Ngưu Lực Đạt; Dịch giả: Phạm Việt Chươg, Nguyễn Anh 
260 |a Hà Nội 
260 |b VHTT 
260 |c 2000 
650 |a phylosophy, chinese 
904 |i Nguyễn Quang Điền, 001017 
980 |a Trung tâm Học liệu Trường Đại học Cần Thơ